Statistiken für Sky Rocket II

Klicken Sie hier um das Quiz zu spielen!

Allgemein

  • Dieses Quiz wurde 3 mal gespielt
  • Das Durchschnittsergebnis liegt bei 2 aus 10

Antwortstatistiken

HintAntwort% Korrekt
6Sky Scream
100%
5Sky Rocket
67%
7Superman Ultimate Flight
33%
9Tigris
33%
1Electric Eel
0%
2Hype
0%
3Phobia Phear Coaster
0%
4Sky Loop
0%
8Tempesto
0%
10Zombie Ride
0%

Verteilung der Resultate

Perzentil nach korrekt beantworteten Fragen

Anzahl Personen mit jedem Resultat

Ihre Resultats-Entwicklung

Sie haben dieses Quiz noch nicht gespielt